Radio-communications / (Record no. 183040)

000 -LEADER
fixed length control field 00959 a2200181 4500
003 - CONTROL NUMBER IDENTIFIER
control field Nust
005 - DATE AND TIME OF LATEST TRANSACTION
control field 20221220122947.0
040 ## - CATALOGING SOURCE
Transcribing agency Nust
082 ## - DEWEY DECIMAL CLASSIFICATION NUMBER
Classification number 621.384,PER
100 ## - MAIN ENTRY--PERSONAL NAME
Personal name Perkins, W. T.
9 (RLIN) 79917
245 ## - TITLE STATEMENT
Title Radio-communications /
Statement of responsibility, etc. W. T. Perkins and R. W. Barton
260 ## - PUBLICATION, DISTRIBUTION, ETC.
Place of publication, distribution, etc. London
Name of publisher, distributor, etc. George Newnes
Date of publication, distribution, etc. 1947
300 ## - PHYSICAL DESCRIPTION
Extent viii, 311 p.
505 ## - FORMATTED CONTENTS NOTE
Formatted contents note City and Guilds of London Institute Syllabus-Summary of Formula (Page-1), Components (Page-22), Valves (Page-48), Receivers (Page-90), Transmitters, F.M. and Amplitude Modulated (Page-118), Power Supplies for Radio Equipment (Page-144), Receiving and Transmitting Aerials (Page-155), Ship-Shore Radio (Page-173), Landline W/T and R/T Including R/C Transmission and Reception (Page-178), Measuring Instruments (Page-207), Radio Interference and its Suppression (Page-227), Miscellaneous (Page-241).
650 ## - SUBJECT ADDED ENTRY--TOPICAL TERM
Topical term or geographic name entry element Radio communications
9 (RLIN) 105355
700 ## - ADDED ENTRY--PERSONAL NAME
Personal name Barton, R. W.
9 (RLIN) 105356
942 ## - ADDED ENTRY ELEMENTS (KOHA)
Source of classification or shelving scheme
Koha item type Book
Holdings
Withdrawn status Lost status Source of classification or shelving scheme Damaged status Not for loan Permanent Location Current Location Shelving location Date acquired Full call number Barcode Date last seen Price effective from Koha item type Public note
          Military College of Signals (MCS) Military College of Signals (MCS) General Stacks 12/12/2016 621.384,PER MCS6648 12/08/2016 12/12/2016 Book Almirah No.38, Shelf No.3
© 2023 Central Library, National University of Sciences and Technology. All Rights Reserved.